Normal view
MARC view
Entry Personal Name
001 - CONTROL NUMBER
- control field: 71023
003 - CONTROL NUMBER IDENTIFIER
- control field: dpl
005 - DATE AND TIME OF LATEST TRANSACTION
- control field: 20240904160725.0
008 - FIXED-LENGTH DATA ELEMENTS
- fixed length control field: 240904|| aca||aabn | a|a d
040 ## - CATALOGING SOURCE
- Original cataloging agency: dpl
- Transcribing agency: dpl
100 ## - HEADING--PERSONAL NAME
- Personal name: Pandey, Sanjeev
670 ## - SOURCE DATA FOUND
- Source citation: Work cat.: (dpl)205549: Pandey, Sanjeev, Advanced Botany/, 2022
